000 00959pam a2200265 a 4500
001 3960144
003 ARRUPE
005 20140930165852.0
008 940525s1994 moua b 001 0 eng
010 _a 94019420
020 _a1556127162 (pbk. : alk. paper)
040 _aDLC
_cDLC
_dDLC
050 0 0 _aBL624
_b.E22 1994
082 0 0 _a291.4
_220
100 1 _aEberle, Gary.
_911897
245 1 4 _aThe geography of nowhere :
_bfinding one's self in the postmodern world /
_cGary Eberle.
260 _aKansas City, MO :
_bSheed & Ward,
_cc1994.
300 _avii, 168 p. :
_bill. ;
_c21 cm.
504 _aIncludes bibliographical references (p. 157-165) and index.
650 0 _aSpiritual life.
_94105
650 0 _aPostmodernism
_xReligious aspects.
_910739
906 _a7
_bcbc
_corignew
_d1
_eocip
_f19
_gy-gencatlg
942 _2lcc
_cMONOGRAPH
999 _c121026
_d121026